History Quiz

Random History or State Quiz

States by Governors Quiz Stats

 Plays Quiz not verified by Sporcle

Challenge
Share
Tweet
Embed
Score 0/20 Timer 05:00
0 Plays Today
Governors State % Correct
William Egan, Frank Murkowski, Sarah PalinAlaska
99.6%
Bill Clinton, Mike Huckabee, Jim Guy TuckerArkansas
99.2%
Ma Ferguson, Sam Houston, George W. BushTexas
98.8%
Napoleon Broward, Jeb Bush, Charlie CristFlorida
96.3%
Rod Blagojevich, George Ryan, Adlai StevensonIllinois
95.7%
Gray Davis, Ronald Reagan, Earl WarrenCalifornia
95.7%
Michael Dukakis, Mitt Romney, (by council)Massachusetts
93.9%
Jimmy Carter, Button Gwinnett, Sonny PerdueGeorgia
93.5%
C. Elmer Anderson, Tim Pawlenty, Jesse VenturaMinnesota
92.7%
Thomas Dewey, John Jay, George PatakiNew York
89.8%
Governors State % Correct
David Paterson, Eliot Spitzer, Martin Van BurenNew York
89.8%
Jerry Apodaca, Edwin Mechem, Bill RichardsonNew Mexico
86.6%
Carroll Campbell, Charles Pinckney, Mark SanfordSouth Carolina
84.1%
Rutherford B. Hayes, William McKinley, Bob TaftOhio
80.1%
Bruce Babbitt, George W.P. Hunt, Janet NapolitanoArizona
79.1%
Samuel Adams, Calvin Coolidge, John HancockMassachusetts
78.5%
Lamar Alexander, Andrew Johnson, James K. PolkTennessee
78%
Woodbridge Nathan Ferris, Epaphroditus Ransom, George RomneyMichigan
70.9%
Chet Culver, James Grimes, Tom VilsackIowa
68.3%
Mitch Daniels, Abram Hammond, Joseph WrightIndiana
60.4%

You're not logged in!

Compare scores with friends on all Sporcle quizzes.
OR
Log In

You Might Also Like...

Show Comments

Extras

Created Nov 2, 2009SourceReportNominate
Tags:State Quiz, governor

Top Quizzes Today


Score Distribution

Your Account Isn't Verified!

In order to create a playlist on Sporcle, you need to verify the email address you used during registration. Go to your Sporcle Settings to finish the process.

Report this User

Report this user for behavior that violates our Community Guidelines.

Details: